000 00266nam a22001097a 4500
008 170116b xxu||||| |||| 00| 0 eng d
020 _a9780323001502
041 _aeng
080 _a618.2
245 _aNURSING CARE OF INFANTS AND CHILDREN
_cWONG, L.W
942 _2udc
_cBK
999 _c2935
_d2935